|
|
|
|
| LEADER |
00000cam a2200000 7i4500 |
| 001 |
0000000752 |
| 005 |
20151222.0 |
| 020 |
|
|
|a 9839447378(set)
|
| 020 |
|
|
|a 9839447432
|
| 090 |
0 |
0 |
|a JF
|b MAL (1011)
|
| 245 |
1 |
0 |
|a Bagaimana badak mendapat kulitnya
|
| 260 |
|
|
|a Selangor :
|b Syarikat Damai Bersama ,
|c 2006
|
| 440 |
|
|
|a Koleksi bacaan Rudyard Kipling
|
| 500 |
|
|
|a Children ages 7-9 years old (orange)
|
| 650 |
|
0 |
|a Malay language
|x Readers
|x Animals
|
| 999 |
|
|
|a 0000938914
|b Book
|c Children Collection
|e Cawangan Tangkak
|
| 999 |
|
|
|a 0000938915
|b Book
|c Children Collection
|e Cawangan Tangkak
|
| 999 |
|
|
|a 0000938916
|b Book
|c Children Collection
|e Cawangan Tangkak
|
| 999 |
|
|
|a 0000938917
|b Book
|c Children Collection
|e Cawangan Tangkak
|
| 999 |
|
|
|a 0000938918
|b Book
|c Children Collection
|e Cawangan Tangkak
|
| 999 |
|
|
|a 0000956517
|b Book
|c Children Collection
|e Perbadanan Perpustakaan Awam Johor
|
| 999 |
|
|
|a 0000956518
|b Book
|c Children Collection
|e Perbadanan Perpustakaan Awam Johor
|
| 999 |
|
|
|a 0000956519
|b Book
|c Children Collection
|e Perbadanan Perpustakaan Awam Johor
|
| 999 |
|
|
|a 0000956520
|b Book
|c Children Collection
|e Cawangan Kota Tinggi
|
| 999 |
|
|
|a 0000956521
|b Book
|c Children Collection
|e Cawangan Bukit Gambir
|